00445nam a2200109Ia 4500008004100000050002300041100003300064245011700097260008600214300002000300521001500320140724s9999 xx 000 0 und d aBF 637b.M332 2014 aMa Aycardo, Angelo Jerome A. aLevels of sibling relationship and self-esteem of fourth year Manresan students /cAngelo Jerome A. Ma. Aycardo. aLas Piñas, Philippines :bSouthville International School and Colleges,cc2014. a39 p. :c28 cm. aPsychology